000 00461nam a2200181Ia 4500
001 17808
005 20260306171544.0
008 260306s9999||||xx |||||||||||||| ||und||
041 _aESP
082 _a658.23
_bM48
100 _aMeyers, Fred E.
_eAUT
245 0 _aDiseño de instalaciones de manufactura y manejo de materiales
260 _c2006
300 _axvi, 508 páginas :
_c23 cm.
650 _aGEN
654 _aCAN
942 _cLIB
_dJUS
_fJUS
_2ddc
_n
999 _c17808
_d17808